000 00476nab a2200145Ia 4500
003 ES-SlBCS
005 20210601133740.0
008 140529s2007 xxu||||| |||| 00| 0 por d
041 _apor
100 1 _aReinaldo Silva, Sidney
_9209177
245 0 0 _aEducaçao e razoabilidade na teoria da justiça de Rawls
_c Sidney Reinaldo Silva
600 1 4 _aRawls, John
_d, 1921-2002
_938084
773 0 _tEducaçao e Filosofia
_gvol. 21, nº. 41, 2007, págs. 43-60
_wRev1534
942 _cAR
999 _c601491
_d601491